LEADER 00896nam a2200265 i 4500 001 991002631439707536 005 20020503171513.0 008 000704s1963 it ||| | lat 035 $ab10392646-39ule_inst 035 $aEXGIL107254$9ExL 040 $aBiblioteca Interfacoltà$bita 082 0 $a187 100 1 $aEpicurus$0255012 245 10$aEpicurea /$cEdidit Hermannus Usener 260 $aRoma :$bL'erma di Bretschneider,$c1963 300 $aLXXVIII, 445 p. ;$c24 cm. 490 0 $aStudia Pholologica ;$v3 500 $aRipr. fecs. dell'ed.: Lipsia 1887 700 1 $aUsener, Hermann 907 $a.b10392646$b21-02-17$c27-06-02 912 $a991002631439707536 945 $aLE002 Gr. IV E 9$g1$i2002000733634$lle002$o-$pE0.00$q-$rl$s- $t0$u3$v0$w3$x0$y.i10458797$z27-06-02 996 $aFragmenta$954127 997 $aUNISALENTO 998 $ale002$b01-01-00$cm$da $e-$flat$git $h0$i1